00430cam a2200157ua 45000010005000000080039000050400009000440820013000531000037000662450057001032500009001602600035001693000017002046530021002216530030002422588110829n ii |||gr||||Z||||||asm cMAIN a491.45151 aGoswami, Goluk Chandra,eAuthor.11aAsamiya vyakaranar prabeshcby Goluk Chandra Goswami a2nd. aGuahati:bBina Library,c2003. a368p:c23cm. aAssamese grammar aAsamiya vyakaran prabesh